000 01736nam0a2200337 4500
001 RU\NLR\bibl\806439
005 20250614131319.0
010 _a5-88954-149-8
_9200
021 _aRU
_b2005-985
_950
035 _a(NLR Aleph) 000795558
090 _a1148745
_c1148745
100 _a20050602d2004 |||y0rusy50 ca
101 0 _arus
102 _aRU
105 _aa |||||||||
200 1 _aТеоретическое обоснование повышения эффективности процесса вытягивания в прядении
_fГ.И. Чистобородов, В.А. Аврелькин
_gМ-во образования и науки Рос. Федерации, Гос. образоват. учреждение высш. проф. образования "Иван. гос. текстил. акад."
210 _aИваново
_cредакционно-издательский отдел Ивановской государственной текстильной академии
_d2004
215 _a131, [1] с.
_cил.
_d21
300 _aНа обороте тит. л. 1-й авт.: д.т.н., проф. Чистобородов Г.И.
320 _aБиблиогр.: с. 127-131 (48 назв.)
606 1 _aПрядение
_xМатематическое моделирование
_92093803
_3RU\NLR\auth\661267057
686 _aМ302-1с116
700 1 _aЧистобородов
_bГ. И.
_f1948-
_gГригорий Ильич
_4070
701 1 _aАврелькин
_bВ. А.
_gВладимир Александрович
_4070
801 0 _aRU
_bNLR
_c20050602
_grcr
801 1 _aRU
_bNLR
_c20050602
830 _aАвт. по гак
942 _cBOOK
980 _aNB